00293nam a2200121Ia 45000030006000000080041000060400015000471000043000622450031001052600006001365460012001420050017001540STCL150530s9999 xx 000 0 und d aSTCLcSTCL aLakshminarasimhan, S.; Sbrahmanyan, K. aSubsidiary chemistry vol-1 c0 aEnglish20220125170236.0